000 01110aam a2200421 4500
005 20251016193548.0
008 150511b2008 xxu||||| |||| 00| 0 spa d
020 _a9789707292901
041 _aESP
082 _a617.601 I65h
100 _aIreland, Robert
_936443
245 _aHigiene dental y tratamiento
260 _aMéxico
260 _bManual Moderno
260 _c2008
300 _a574 páginas
300 _bIlustraciones a blanco y negro
300 _eDisco compacto N°515
490 _aMecánica Dental
650 _aHIGIENE DENTAL
650 _aODONTOLOGÍA PREVENTIVA
650 _aPATOLOGÍA ORAL
650 _aCARIES DENTAL
650 _aPULPITIS
650 _aPERIODONCIA
650 _aPROMOCIÓN DE LA SALUD ORAL
650 _aNUTRICIÓN
650 _aCONTROL DE INFECCIONES
650 _aINFECTOLOGÍA
650 _aMATERIALES RESTAURATIVOS
650 _aFARMACOLOGÍA
650 _aODONTOLOGÍA PEDIÁTRICA
650 _aEXODONCIA
650 _aGERODONTOLOGÍA
650 _aURGENCIAS MÉDICAS ORALES
650 _aÉTICA
942 _cBK
_2ddc
999 _c5346
_d5346